Development of a single Official House Price Index (Record no. 115702)
[ view plain ]
| 000 -LEADER | |
|---|---|
| fixed length control field | 00774cam a22001575a 4500 |
| 001 - CONTROL NUMBER | |
| control field | L159145 |
| 008 - FIXED-LENGTH DATA ELEMENTS--GENERAL INFORMATION | |
| fixed length control field | 160210s20160201xxk f 000 0 eng d |
| 035 ## - SYSTEM CONTROL NUMBER | |
| System control number | (Sirsi) u159145 |
| 041 0# - LANGUAGE CODE | |
| Language code of text/sound track or separate title | eng |
| 110 2# - MAIN ENTRY--CORPORATE NAME | |
| Corporate name or jurisdiction name as entry element | Office for National Statistics |
| 9 (RLIN) | 2210 |
| 245 00 - TITLE STATEMENT | |
| Title | Development of a single Official House Price Index |
| Remainder of title | Office for National Statistics, Land Registry, Regisers of Scotland and Land Property Services Northern Ireland |
| Medium | [electronic resource] |
| 260 ## - PUBLICATION, DISTRIBUTION, ETC. | |
| Place of publication, distribution, etc. | London |
| Name of publisher, distributor, etc. | ONS |
| Date of publication, distribution, etc. | 2016 |
| 520 ## - SUMMARY, ETC. | |
| Summary, etc. | Update on plans for the development of a single Official House Price Index for the UK. Explains how the index will use transactional price paid data sources based on the market value sale price together with property atttirbutes data |
| 651 #4 - SUBJECT ADDED ENTRY--GEOGRAPHIC NAME | |
| Geographic name | ENGLAND AND WALES |
| 942 ## - ADDED ENTRY ELEMENTS (KOHA) | |
| Suppress in OPAC | 0 |
| Withdrawn status | Lost status | Source of classification or shelving scheme | Damaged status | Not for loan | Home library | Current library | Shelving location | Date acquired | Total Checkouts | Full call number | Barcode | Date last seen | Copy number | Price effective from | Koha item type |
|---|---|---|---|---|---|---|---|---|---|---|---|---|---|---|---|
| Dewey Decimal Classification | Virtual | Virtual | Online | 10/02/2016 | ONLINE PUBLICATION | 159145-2001 | 06/08/2019 | 1 | 06/08/2019 | Book |